00338nom a22001097a 450000500170000000800410001704100080005824500260006650000830009265000250017565000280020020220609154451.0190712b xxu||||| |||| 00| 0 spa d aspa aKit #5 Heridas varias aContiene 12 heridas varias. Se prestan para el mismo día, hasta las 7:50 pm aMODELOS ANATÓMICOS aSIMULACIÓN DE HERIDAS